All the Geography I Know by Letter-L - Statistics

General Stats
  • This quiz has been taken 66 times
  • The average score is 23 of 35
Answer Stats
Hint Answer % Correct
Country to the West of Egypt Libya
95%
Capital of Peru Lima
95%
Capital of Portugal Lisbon
95%
Capital of United Kingdom London
95%
Country along the Baltic Sea Latvia
92%
Country along the Baltic Sea Lithuania
92%
Country containing Beirut Lebanon
90%
Famous city in Egypt Luxor
90%
One of the Bolivian Capitals La Paz
88%
Country along the Gulf of Guinea Liberia
88%
Biggest City in Nigeria Lagos
86%
City in France Lyon
86%
Country in Indochina Laos
83%
City in United Kingdom Liverpool
83%
Capital of Slovenia Ljubljana
80%
City in Pakistan Lahore
75%
City in United Kingdom Leeds
75%
City in Ireland Limerick
75%
City in Angola Luanda
71%
Capital of Zambia Lusaka
69%
Capital of Malawi Lilongwe
68%
City in France Lille
61%
Capital of Michigan Lansing
56%
City in Ukraine Lviv
56%
City in Austria Linz
53%
City in Poland Lodz
53%
City in Texas Lubbock
42%
City in Texas Laredo
34%
City in Switzerland Luzern
27%
City in Poland Lublin
25%
City in California Long Beach
24%
City in Ukraine Luhansk
24%
City in Greece Larissa
10%
City in China Luoyang
10%
City in Southern Morocco Laayoune
8%
No matching quizzes found
Score Distribution
Percent of People with Each Score
Percentile by Number Answered
Your Score History
You have not taken this quiz